| 000 | 00408nam a2200145 i 4500 | ||
|---|---|---|---|
| 001 | 60193 | ||
| 003 | ES-MaACL | ||
| 007 | t| | ||
| 008 | 031103s1904 cl ||||1| spa d | ||
| 100 | 1 |
_aErrazuriz Urmeneta, Rafael. _947429 |
|
| 245 | 1 | 0 |
_aRoma / _cpor Rafael Errazuriz Urmeneta. |
| 260 |
_aSantiago de Chile : _b[s.n., _c1904] ( _fImp. Barcelona) |
||
| 300 |
_a2 v. ; _c28 cm. |
||
| 852 |
_aES-MaACL _jG-5806-7 |
||
| 999 |
_c60193 _d60193 |
||